000 00590nam a2200241Ia 4500
005 20260430150346.0
008 008 250103s9999 xx 000 0 eng d
037 _aTheses
040 _aCRL
040 _beng
040 _ceng
041 _2eng
041 _aeng
084 _qCRL
100 _aShivam Au.; Kaur Sarbjit Gu.
_91237252
245 0 _aGlobal Constitutionalism: Rhetoric or Reality?
260 _c2023
300 _a366p.
650 _aLaw
700 _aUniversity of Delhi. Faculty of Law. Deptt. of Law
_91236414
942 _cTH
999 _c1849595
_d1849595